[Event "Titled Tuesday intern op 20th Apr"]
[Site "Chess.com INT"]
[Date "2021.04.20"]
[Round "11"]
[White "Issabayev, Dias"]
[Black "Schmakel, Sam A"]
[Result "1-0"]
[WhiteElo "2235"]
[BlackElo "2435"]
[PlyCount "87"]
[EventDate "2021.04.20"]
[EventType "swiss (blitz)"]
[EventRounds "11"]
[EventCountry "USA"]
[SourceTitle "CBM 202 Extra"]
[Source "ChessBase"]
[SourceDate "2021.07.31"]
[SourceVersion "1"]
[SourceVersionDate "2021.07.31"]
[SourceQuality "1"]

1. d4 Nf6 2. c4 e6 3. Nc3 Bb4 4. Nf3 b6 5. Qc2 Bb7 6. a3 Bxc3+ 7. Qxc3 d6 8. e3 Ne4 9. Qc2 Nd7 10. Bd3 f5 11. b4 0-0 12. Bb2 Qe7 13. 0-0 Rf6 14. d5 Rh6 15. Nd4 Qh4 16. h3 Ne5 17. f3 Ng5 18. Rf2 Qg3 19. Kf1 Nxd3 20. Qxd3 Rf8 21. dxe6 Nxh3 22. gxh3 Rxh3 23. Ke2 Rh2 24. Raf1 f4 25. e4 Rh3 26. Nf5 Qg5 27. Nxg7 b5 28. cxb5 Ra8 29. Nf5 a6 30. b6 a5 31. b5 cxb6 32. e7 Re8 33. Nxd6 Rxe7 34. Nxb7 Rxb7 35. Qc4+ Kf8 36. Rd1 Re7 37. Rd8+ Re8 38. Rxe8+ Kxe8 39. Qe6+ Kf8 40. Be5 Rh1 41. Bd6+ Kg7 42. Be5+ Kf8 43. Bf6 Qxb5+ 44. Kd2 1-0

[Event "Titled Tuesday intern op 20th Apr"]
[Site "Chess.com INT"]
[Date "2021.04.20"]
[Round "1"]
[White "Narayanan, Srinath"]
[Black "Issabayev, Dias"]
[Result "1-0"]
[WhiteElo "2540"]
[BlackElo "2235"]
[PlyCount "57"]
[EventDate "2021.04.20"]
[EventType "swiss (blitz)"]
[EventRounds "11"]
[EventCountry "USA"]
[SourceTitle "CBM 202 Extra"]
[Source "ChessBase"]
[SourceDate "2021.07.31"]
[SourceVersion "1"]
[SourceVersionDate "2021.07.31"]
[SourceQuality "1"]

1. e4 e5 2. Nf3 Nc6 3. Bb5 f5 4. Nc3 fxe4 5. Nxe4 Nf6 6. Qe2 d5 7. Nxf6+ gxf6 8. d4 Bg7 9. dxe5 0-0 10. Bxc6 bxc6 11. Bf4 Bg4 12. 0-0-0 fxe5 13. Bxe5 Bxe5 14. Qxe5 Qf6 15. Qxc7 Rab8 16. c3 Qh6+ 17. Kb1 Qg7 18. Qxc6 Bf5+ 19. Ka1 Be4 20. Nd2 Rxf2 21. Qc5 Rxg2 22. Rhg1 Kh8 23. Rxg2 Qxg2 24. Qxa7 Rf8 25. Qd4+ Qg7 26. Nxe4 dxe4 27. Qxe4 Rb8 28. Qd4 Qxd4 29. cxd4 1-0

[Event "Titled Tuesday intern op 06th Apr"]
[Site "Chess.com INT"]
[Date "2021.04.06"]
[Round "1"]
[White "Nikologorskiy, Konstantin"]
[Black "Issabayev, Dias"]
[Result "1-0"]
[WhiteElo "2413"]
[BlackElo "2235"]
[PlyCount "79"]
[EventDate "2021.04.06"]
[EventType "swiss (blitz)"]
[EventRounds "11"]
[EventCountry "USA"]
[SourceTitle "CBM 201 Extra"]
[Source "ChessBase"]
[SourceDate "2021.05.31"]
[SourceVersion "1"]
[SourceVersionDate "2021.05.31"]
[SourceQuality "1"]

1. c4 c6 2. Nc3 d5 3. d4 Nf6 4. Nf3 e6 5. e3 Nbd7 6. Qc2 Bd6 7. g4 Nxg4 8. Rg1 f5 9. h3 Nh6 10. Rxg7 Qf6 11. Rg1 Nf7 12. Bd2 Qe7 13. 0-0-0 Nf6 14. cxd5 exd5 15. Kb1 Ne4 16. Be1 Be6 17. Rc1 Kf8 18. Ne2 Rg8 19. Rxg8+ Kxg8 20. Nf4 Bd7 21. Bd3 Kh8 22. Bc3 Rg8 23. h4 Rg4 24. Nh3 Kg8 25. Qb3 b6 26. Be1 a5 27. Nd2 Bb4 28. Nxe4 fxe4 29. Be2 Rxh4 30. Nf4 Kf8 31. a3 Bxe1 32. Rxe1 b5 33. Rg1 Ng5 34. Qc3 a4 35. Qa5 Kf7 36. Qc7 h6 37. Bh5+ Kf6 38. Qe5+ Qxe5 39. dxe5+ Kg7 40. e6 1-0